LEADER 01205nam a2200241 u 4500 001 000000011654 003 CaOOAMICUS 005 20070226105441.0 008 941125s1932 fr b u000 u fre u 035 $a10285651 040 $aPUL(R)$bita 100 1 $aHubert, Henri,$d1872-1927.$0(OLS)http://pul/name/6924 245 14$aLes Celtes depuis l'époque de La Tène et la civilisation celtique :$bavec 3 cartes hors texte /$cpar Henri Hubert. 260 $aParis :$bLe Renaissance du livre,$c1932. 300 $axvii, 368 p. :$b1 c. geogr. pieg. ;$c20 cm 490 1 $aL'évolution de l'humanité, synthèse collective, ;$v21 bis 650 4$aCelti$xStoria.$0(OLS)http://pul/subject/8841 830 0$aEvolution de l'humanité.$pSynthèse collective.$n1. section ;$v21 bis.$0(OLS)http://pul/title/8574 850 $aPUL 852 $aPUL$W1$xDP1 Fondo Cecchetti$y53$m269 B 13$j16459$nBK-PRI$b $qFondi$B16459$CPULBib$Z2$F16459 $HPUL2679 $81 941 1 $a1 996 $6245$aLes Celtes depuis l'époque de La Tène et la civilisation celtique :$bavec 3 cartes hors texte$9(OLS)http://pul/title/16872 996 $6260$aParis :$bLe Renaissance du livre$9(OLS)http://pul/publisher/53370 LEADER 01182nam a2200265 a 4500 001 000000145383 003 CaOOAMICUS 005 20150902125106.0 008 150902s2010 it u000 u ita r 040 $aPUL$bita 100 1 $aBagnasco, Angelo,$ccard.,$d1943-$0(OLS)http://pul/name/79089 245 11$a"Io sono il buon pastore" (Gv 10,11) :$blettera al clero e alla comunità cristiana sul grande dono del sacerdozio anno pastorale 2009-2010 /$ccardinale Angelo Bagnasco. 260 $a[S.l. :$bs.n.],$c[2010] 300 $a65 p. ;$c23 cm 504 $aBibliografia in nota. 650 4$aSacerdozio.$0(OLS)http://pul/subject/211 850 $aPUL 852 $aPUL$W1$xDP1 Fondo S. Lanza$y121$m3 N 32$j168128$qFondi$B168709$CPULBib$Z2$F168709 $HLan1784 $82 941 1 $a1 960 $aOrdine sacro$9211 960 $aOrdine sacro$9211 961 $aDedica autografa dell'autore 996 $6245$a"Io sono il buon pastore" (Gv 10,11) :$blettera al clero e alla comunità cristiana sul grande dono del sacerdozio anno pastorale 2009-2010$9(OLS)http://pul/title/183849 996 $6260$a[S.l. :$bs.n.]$9(OLS)http://pul/publisher/81594